Ekonomicko-sociálny vývoj Východného Slovenska v staršej dobe bronzovej

Bibliographic Details
Main Author: Bátna, Jozef (Author)
Format: Article
Language:Slovak
PhysicalDescription:Grafy. Sch. Mp. Res. rus. a nem. Lit. 110 zázn.
Subjects:

MARC

LEADER 00000nab a2200000 a 4500
001 vtls000147289
003 SK-MaSNL
005 20260426074201.0
008 250422c1982 xo 0 slo
015 |a SNBRB19rr/mm-uuuuu 
035 |a CL0157396 
035 |a urn:nbn:sk:snk-aba6ku 
035 |a (urnnbn)urn:nbn:sk:snk:ar-a09ibb 
035 |a (uuid)a3d6d009-7b6d-4e9a-a8d6-a080b12d526a 
040 |a SNKBUCL  |b slo  |c SNKBUCL  |e AACR2 
041 0 |a slo 
044 |a xo  |c SK 
080 |a 902.09(437.67)  |2 1981 
080 |a 936(437.67)  |2 1981 
100 1 |a Bátna, Jozef  |4 aut  |9 1343367 
245 1 0 |a Ekonomicko-sociálny vývoj Východného Slovenska v staršej dobe bronzovej  |c Jozef Bátna 
300 |b Grafy. Sch. Mp. Res. rus. a nem. Lit. 110 zázn. 
500 |a v slov., čes., ruš., nem. poľ., maď. a rum. 
650 0 7 |a doba bronzová  |2 snkbucl  |9 79087 
651 7 |a Slovensko východné  |2 snkbucl  |9 161134 
655 7 |a články z novín a časopisov  |2 snkbucl  |9 267496 
773 0 |t Slovenská archeológia  |g Roč. 30, č. 2 (1982), s. 249-314 
850 |a Slovenská národná knižnica 
852 |a Slovenská národná knižnica 
954 |a odborná, vedecká literatúra pôvodná (slovenská)  |2 lita 
958 |a article13 
958 |a NB 
958 |a RK 
958 |a OND 
958 |a EUIPO 
992 |a RBX 
999 |c 2728182  |d 2730112